1° Esposizione d'Arte Contemporanea "Fiuggi '75 - Fratello lebbroso"

Enregistré dans:
Détails bibliographiques
Auteur principal: Fantauzzi, Brunetto
Autres auteurs: Quarantacinque, Paolo
Format: Livre
Langue:anglais
Publié: Fiuggi 1975
Tags: Ajouter un tag
Pas de tags, Soyez le premier à ajouter un tag!

MARC

LEADER 00000nam a2200000 4500
005 20241106201801.0
008 241106b |||||||| |||| 00| 0 eng d
040 |c GP 
100 |a Fantauzzi, Brunetto 
245 |a 1° Esposizione d'Arte Contemporanea  |b "Fiuggi '75 - Fratello lebbroso" 
260 |a Fiuggi  |c 1975 
700 |a Quarantacinque, Paolo 
942 |2 ddc  |c BK  |n 0 
952 |0 0  |1 0  |2 ddc  |4 0  |6 770_000000000000000_FAN  |7 1  |9 2184  |a RM  |b RM  |d 2024-11-06  |l 0  |o 770 FAN  |p 690  |r 2024-11-06 20:18:21  |w 2024-11-06  |y BK 
999 |c 1924  |d 1924